Welcome to the Holygrace Academy Library

Please use search bar below to get started

ACTUALLY FACTUALLY (Record no. 5750)

MARC details
000 -LEADER
fixed length control field 00375nam a22001457a 4500
020 ## - INTERNATIONAL STANDARD BOOK NUMBER
ISBN 978-81-8477-963-9
082 ## - DEWEY DECIMAL CLASSIFICATION NUMBER
Classification number 032
Item number CAM/A
100 ## - MAIN ENTRY--AUTHOR NAME
Personal name CAMPBELL, GUY
245 ## - TITLE STATEMENT
Title ACTUALLY FACTUALLY
Remainder of title MIND-BLOWING MYTHS,MUPPLES AND MISCONCEPTIONS
260 ## - PUBLICATION, DISTRIBUTION, ETC. (IMPRINT)
Place of publication GREAT BRITAIN
Name of publisher BUSTER BOOKS
Year of publication 2009
300 ## - PHYSICAL DESCRIPTION
Number of Pages 126
520 ## - SUMMARY, ETC.
Summary, etc ENGLISH NOVEL
650 ## - SUBJECT ADDED ENTRY--TOPICAL TERM
Topical Term ENGLISH NOVEL
942 ## - ADDED ENTRY ELEMENTS (KOHA)
Koha item type Books
Holdings
Withdrawn status Lost status Collection code Home library Current library Shelving location Date acquired Source of acquisition Cost, normal purchase price Full call number Accession Number Koha item type
    Fiction Main Library Main Library SHELF 15-I-CHILDREN'S STORYBOOKS 05/10/2015 Purchase 150.00 032 CAM/A 03722 Books